000 00756cam a22002535a 4500
001 L148737
002 17949
008 091029s2009 xxk f 000 0 eng d
020 _a9780728205758
035 _a(Sirsi) u148737
041 0 _aeng
050 0 4 _a333.33 $2 18
100 1 _aNorwood, Graham
245 0 0 _aProfiting from property in a recession
260 _aLondon
_bEG Books
_c2009
300 _avii, 147p.
_c22cm.
350 _a19.99
520 _aDiscusses how amateur investors can make money from property by buying at the bottom of the market and selling on again when values increase.
521 _aIntroductory
590 _aKA
651 4 _aUnited Kingdom
_y
690 _aPROPERTY-PROPERTY FINANCE AND INVESTMENT
942 _n0
999 _c110197
_d110197